Sports Quiz

Random Sports or Baseball Quiz

MLB New York Yankees Captains Quiz Stats

 Plays Quiz Updated Jan 30, 2019

     
Support Sporcle.
Go Orange.
Score 0/11 Timer 04:00
1 Play Today
Years as Captain Captain % Correct
2003-2014Derek Jeter
98.9%
1922Babe Ruth
88.8%
1935-1941Lou Gehrig
82.8%
1991-1995Don Mattingly
69%
1976-1979Thurman Munson
61.3%
1986-1989Ron Guidry
25.1%
1986-1988Willie Randolph
24.9%
1982-1984Graig Nettles
23.6%
1912Hal Chase
5.7%
1914-1921Roger Peckinpaugh
4.8%
1922-1925Everett Scott
3.7%

From the Vault

Three-Part Names: Authors

by khands

We have to assume the more names you have as an author, the more you get paid.
Remove Ads.
Support Sporcle.
Get the best of Sporcle when you Go Orange. This ad-free experience offers more features, more stats, and more fun while also helping to support Sporcle. Thank you for becoming a member.

Show Comments

Extras

Top Quizzes Today


Score Distribution

Your Account Isn't Verified!

In order to create a playlist on Sporcle, you need to verify the email address you used during registration. Go to your Sporcle Settings to finish the process.

Report this User

Report this user for behavior that violates our Community Guidelines.

Details: